Institutional choice in dairy development: a comparative analysis of cooperative, government and private sector forms of organisation (Record no. 501567)

000 -LEADER
fixed length control field 00553cam a22001457a 4500
008 - FIXED-LENGTH DATA ELEMENTS--GENERAL INFORMATION
fixed length control field 180718b1992 xxu||||| |||| 00| 0 eng d
082 ## - DEWEY DECIMAL CLASSIFICATION NUMBER
Classification number APPPA 91-92 PAR
100 ## - MAIN ENTRY--PERSONAL NAME
Personal name Parthasarathy, S.
245 ## - TITLE STATEMENT
Title Institutional choice in dairy development: a comparative analysis of cooperative, government and private sector forms of organisation
Statement of responsibility, etc. by S. Parthasarathy
260 ## - PUBLICATION, DISTRIBUTION, ETC.
Place of publication, distribution, etc. New Delhi
Name of publisher, distributor, etc. Indian Institute of Public Administration
Date of publication, distribution, etc. 1992
300 ## - PHYSICAL DESCRIPTION
Extent 89+p.
650 ## - SUBJECT ADDED ENTRY--TOPICAL TERM
Topical term or geographic name entry element Government
650 ## - SUBJECT ADDED ENTRY--TOPICAL TERM
Topical term or geographic name entry element Cooperative
650 ## - SUBJECT ADDED ENTRY--TOPICAL TERM
Topical term or geographic name entry element Institutional choice-Dairy development
Holdings
Withdrawn status Lost status Damaged status Not for loan Permanent Location Current Location Date acquired Full call number Barcode Date last seen Price effective from Koha item type
        Indian Institute of Public Administration Indian Institute of Public Administration 2018-08-04 APPPA 91-92 PAR GR12554 2018-08-04 2018-08-04 GR

Powered by Koha